000 05514cam a22020294i 4500
003 PE-LiUPU
005 20250813165334.0
008 160112s2006 sp a rb 001 0 spa d
020 _a8420546186
020 _a9788420546186
020 _z9788420516186
035 _a(Sirsi) i9788420546186
040 _aU6C
_bspa
_cU6C
_dOCLCQ
_dBNM
_dESUDE
_dBTCTA
_dYDXCP
_dBAKER
_dUDANT
_dOCLCQ
_dMXUCS
_dPE-LiUPU
_erda
041 1 _aspa
_heng
049 _aPRUA
050 4 _aHD30.2
_bD57
080 _a658.012.2
080 _aHF5500
082 0 4 _a658.401
_bJ72
100 1 _aJohnson, Gerry,
_eautor.
245 1 0 _aDirección estratégica /
_cGerry Johnson, Kevan Scholes, Richard Whittington ; traducción: Yago Moreno López ; revisión técnica y coordinación de casos de estudio para la edición en español Virginia Blanco Mazagatos [y otros tres].
250 _aSéptima edición.
264 1 _aMadrid :
_bPearson,
_c2006.
300 _axxvi, 685 páginas :
_bilustraciones ;
_c25 centímetros
336 _atext
_2rdacontent
337 _aunmediated
_2rdamedia
338 _avolume
_2rdacarrier
504 _aIncluye referencias bibliográficas al final de cada capítulo.
504 _aÍndice : páginas 681-685
505 0 _aIntroducción a la estrategia -- El entorno -- Capacidad estratégica -- Expectativas y propósitos -- Estrategia en el ámbito de la unidad de negocio -- Estrategia en el ámbito corporativo y estrategia internacional -- Direcciones y métodos de desarrollo -- Organizarse para el éxito -- Potenciar el éxito -- Gestión del cambio estratégico -- Comprensión del desarrollo de la estrategia.
526 _aP203
526 _aP200
526 _aSEG65
526 _aSEG64
526 _aSEG63
526 _aSEG62
526 _aSEG61
526 _aSEG60
526 _aSEG59
526 _aSEG58
526 _aSEG57
526 _aSEG56
526 _aSEG55
526 _aSEG54
526 _aSEG53
526 _aSEG52
526 _aSEG51
526 _aSEG50
526 _aSEG49
526 _aSEG48
526 _aSEG47
526 _aSEG46
526 _aSEG24
526 _aSEG23
526 _aSEG22
526 _aSEG21
526 _aSEG20
526 _aSEG19
526 _aSEG18
526 _aSEG17
526 _aSEG16
526 _aSEG14
526 _aSEG13
526 _aSEG12
526 _aSEG11
526 _aSEG10
526 _aSEG09
526 _aSEG06
526 _aSEG05
526 _aSEG04
526 _aSEG03
526 _aSEG02
526 _aSEG68
526 _aSEG66
526 _aSEG45
526 _aSEG25
526 _aSEG01
526 _aP163
526 _aP162
526 _aP161
526 _aP160
526 _aP159
526 _aP158
526 _aP157
526 _aP156
526 _aP155
526 _aP154
526 _aP153
526 _aP152
526 _aP151
526 _aP150
526 _aP149
526 _aP142
526 _aP141
526 _aP140
526 _aP139
526 _aP138
526 _aP137
526 _aP132
526 _aP131
526 _aP130
526 _aP126
526 _aP125
526 _aP124
526 _aP123
526 _aP115
526 _aP122
526 _aP121
526 _aP116
526 _a P114
526 _aP112
526 _aP111
526 _aP104
526 _aP103
526 _aP102
526 _aP101
526 _aP100
526 _aP96
526 _aP95
526 _aP93
526 _aP92
526 _aP91
526 _aP88
526 _aP83
526 _aP82
526 _aP79
526 _aP78
526 _aP75
526 _aP74
526 _aP71
526 _aP69
526 _a P51
526 _aP49
526 _aP48
526 _aP47
526 _aP33
526 _aP31
526 _a P30
526 _aP29
526 _aP27
526 _aP26
526 _aP25
526 _aP24
526 _a P22
526 _aP10
526 _aP09
526 _a P08
526 _aP06
526 _aP05
526 _aP04
526 _aP01
534 _Título original :
_tExploring corporate Strategy.
541 _g107-0023237;
650 4 _aAdministración de Empresas.
650 4 _aPlanificación Empresarial.
650 4 _aPlanificación Estrategica.
650 7 _aPlanificación estratégica.
_2embne
700 1 _aBlanco Mazagatos, Virginia,
_erevisor.
700 1 _aMoreno López, Yago,
_etraductor.
700 1 _aScholes, Kevan,
_eautor.
700 1 _aWhittington, Richard,
_eautor.
856 4 _uhttp://201.147.150.252:8080/multimedia/029352.pdf
_zPara ver el índice de contenido pulse aquí
856 4 _uhttp://www.librosite.net/johnson
910 _ajck
_b
_cjck
_d20160112
942 _2ddc
_cBOOK
949 _aPGA 658.401 J72
_wDEWEY
_c1
_i72405
_d2016-9-13
_e2016-9-12
_lCCODEBUL1
_mBUL
_n1
_p38.48
_r0
_sY
_tBOOK
_u2016-1-12
_xFCE
_PP47
_0COMPRA
_o.STAFF. Posgrado
994 _aC0
_bPEPRU
856 4 _uhttp://www.librosite.net/johnson
856 4 _uhttp://201.147.150.252:8080/multimedia/029352.pdf
_zPara ver el índice de contenido pulse aquí
596 _a1
999 _aPGA 658.401 J72
_wDEWEY
_c8384
_i72405
_d8384
_e2018-5-2
_f2021-11-8
_g6
_lCCODEBUL1
_mBUL
_n2
_p38.48
_q1
_r0
_sY
_tBOOK
_u2016-1-12
_xFCE
_PP47
_0COMPRA
_o.STAFF. Posgrado
980 _81
_gALBERTO SANCHEZ Responsable de Automatización